000 00518nam a2200169 i 4500
001 22648
003 ES-MaACL
005 20230906152732.0
007 t|
008 021204s1972 sp ||||1| spa d
100 1 _aAltavilla, Enrico.
_920524
245 1 0 _aEuropa, pecado y virtud /
_cEnrico Altavilla ; [traducción de Martín Ezcurdia].
260 _a[Barcelona] :
_bPlaza & Janés,
_c[1972]
300 _a264 p., 10 lám. ;
_c20 cm.
700 1 _aEzcurdia, Martín.
_948460
852 _aES-MaACL
_jC-43204
_bR.82428
999 _c22648
_d22648